Регионална библиотека "Любен Каравелов" - Русе

Великотърновските манастири (Запис номер 375677)

MARC детайли
000 -Лидер
Контролно поле с фиксирана дължина nkm a22 a 4500
003 - Код на организацията, давaща контролен номер
Контролно поле BLK
005 - Дата и час на последна редакция
Контролно поле 20230407095534.0
008 - Елементи от данни с фиксирана дължина
fixed length control field 200717b bu ||||| |||| 00| 0 bu d
040 ## - Източник на каталожния запис
Идентификатор на билиотеката - собственик на записа BLK
041 ## - Код за език
Код за езика на текст/звукозапис или на отделно заглавие Български
Код за езика КДБФ Български
Други езици Руски
-- Френски
-- Немски
-- Английски
080 ## - УДК
Текстов определител УДК История на България
УДК код - определител по УДК 94(497.2)
УДК - код + определител 94(497.2)(084)
080 ## - УДК
Текстов определител УДК Манастирски сгради. Религиозни домове
УДК код - определител по УДК 726.7
УДК - код + определител 726.7(497.2)(084)
100 ## - Редна дума - Автор
Автор Добрев, Страхил
Авторска отговорност първи автор
R(LIN) 1299
139 ## - Редно поле
Редна дума Добрев, Страхил и др.
245 ## - Сведения за заглавието
Заглавие Великотърновските манастири
Подзаглавни данни [Изобразителен материал] : [Албум]
Редно поле (дума) Състав. и текст Страхил Добрев, Стефан Цонев ; Снимки Страхил Добрев.
257 ## - Страна на издаване
Страна на създаване/издаване България
260 ## - Област на издателските данни
9 (RLIN) 209548
Име на издателя, разпространителя и проч. Наука и изкуство
Година на издаване 1970
Издателство - префикс ISBN 978-954-02-
300 ## - Физическа характеристика
Страници 72 с.
Илюстрации и др. с ил.
Размери/Мащаб 17х15 см
380 ## - Жанр
Жанр История
501 ## - Забележка „подвързано към”
Забележка: Подвързано към... В библиогр. каре загл. Великотърновски манастири. - Парал. текст на рус., нем., англ. ез. - 15 100 тир. - 2,20 лв.
650 #0 - Допълнително описание по предмет – тема
Основно описание – тема или топоним Манастири, български
9 (RLIN) 161121
651 #7 - Допълнително описание по предмет - топоним
9 (RLIN) 178699
Географско понятие Великотърновско
700 ## - Други автори (авторска отговорност)
Лично име Цонев, Стефан
Автороска отговорност (Описва отношението между автора и произведението) съавт.
9 (RLIN) 1445
700 ## - Други автори (авторска отговорност)
9 (RLIN) 1402
Лично име Добрев, Страхил
Автороска отговорност (Описва отношението между автора и произведението) сн.
852 ## - Местоположение
Фондова буква Хранилище
999 ## - СИСТЕМНИ КОНТРОЛНИ НОМЕРА
Koha biblionumber 375677
Koha biblioitemnumber 375677
942 ## - АРТИКУЛИ
Вид на библиотечния материал Графични издания
Скрит в OPAC Не
Периодичен библиозапис Да
944 ## - СЪЗДАВАНЕ И РЕДАКЦИЯ на ЗАПИСА
Създаване/Редакция Създаване
Дата на регистрацията/редакция 2020-07-17
Служител, извършил регистрацията/редакцията Кети
Наличности
Код за отписване Код за изгубен артикул Източник на класификационната схема Код за повреда Коз за рестрикции Код за отдаване Артикулен № Име на библиотеката - собственик Име на библиотеката, в която се намира в момента Статус (Текущо местоположение) Дата на вписване в системата Местоположение - отдел Цена в лева Инвентарен номер Систематично азбучна сигнатура Баркод Цена в евро Служебен тип на артикула
  Не е изгубен Universal Decimal Classification Не е повреден само за читалня ползва се в читалня 785442 Регионална библиотека "Любен Каравелов" Русе Регионална библиотека "Любен Каравелов" Русе Хранилище 2020-07-22 Хранилище 2.20 77199 Цб I 39528 120000077199 1.12 Графични издания
Vip Innovations Ltd, Rousse, Bulgaria 2025